000 00640nam a22002297a 4500
003 UA-OsUOA
001 88602
007 ta
008 20121009b un ||||| |||| 00| 0 ukr d
100 _aГерасимчук В.
700 _aРоговський С.
090 _a330(477)
_bГ37
942 _cSA
040 _aUA-OsUOA
_bukr
_cUA-OsUOA
_dUA-OsUOA
245 _aОсобливості впровадження CRV-системи в банківських установах
300 _aС.21-31
955 _a0
041 _aukr
080 _a330(477)
773 0 _w88599
650 7 _a330 Економіка взагалі
_2UDC
999 _c374715
_d374715